| 000 | 00928nam a22002775i 4500 | ||
|---|---|---|---|
| 999 |
_c20720 _d20692 |
||
| 001 | 15987421 | ||
| 003 | EG-ScBUE | ||
| 005 | 20201101144842.0 | ||
| 008 | 091117t19591959enk g 000 j eng d | ||
| 020 | _a9780573042225 | ||
| 040 |
_aEG-ScBuE _beng _erda _cEG-ScBUE _dEG-ScBuE _dEG-ScBuE |
||
| 082 | 0 | 4 |
_a812.54 _bALB _222 |
| 100 | 1 |
_aAlbee, Edward, _eauthor. _930558 |
|
| 245 | 1 | 4 |
_aThe zoo story : _ba play / _cEdward Albee. |
| 264 | 1 |
_aLondon : _bSamuel French , _c[1959] |
|
| 264 | 4 | _cc1959 | |
| 300 |
_a27 pages ; _c12 cm |
||
| 336 |
_atext _btxt _2rdacontent |
||
| 337 |
_aunmediated _bn _2rdamedia |
||
| 338 |
_avolume _bnc _2rdacarrier |
||
| 650 | 7 |
_aAmerican drama. _2BUEsh |
|
| 651 | _2BUEsh | ||
| 653 |
_bHHUUEENN _cAugust2015 |
||
| 942 |
_2ddc _cBB |
||